Manual de negociacin̤ colectiva, huelga y otros (Ley 20.940) Preguntas y respuestas /

Bibliographic Details
Main Author: Cornejo Manrq̕uez, Anb̕al
Format: eBook
Language:Spanish
Subjects:
Online Access:Acceso restringido

MARC

LEADER 00000nam a22000007a 4500
005 20220627220932.0
007 cr|||| ||||
008 220627s2022 cl |||||s|||| 00||0 spa d
035 |a 36612 
040 |a vLex 
090 |c 13471  |d 13471 
100 1 |a Cornejo Manrq̕uez, Anb̕al 
245 1 0 |a Manual de negociacin̤ colectiva, huelga y otros (Ley 20.940)  |h [Recurso electrn̤ico] :  |b Preguntas y respuestas /  |c Anb̕al Cornejo Manrq̕uez 
256 |a Servicio en ln̕ea 
300 |a 1 recurso electrn̤ico 
506 1 |a Disponible solo en los productos indicados  |d vLex Global  |d vLex Global (Academic Edition, excluding Law Schools)  |d vLex Global (U.S. Academic Edition, Law Schools)  |d vLex Global (U.S. Academic Edition, excluding Law Schools)  |d vLex Global (Academic Edition, Law Schools) 
650 0 4 |a Derecho Procesal  |z Chile 
740 0 |a vLex Libros (Servicio en ln̕ea) 
856 4 0 |u https://app.vlex.com/#/sources/36612  |z Acceso restringido 
942 |c BOOK 
999 0 |a Procedural law